| 000 | 00347nam a22001337a 4500 | ||
|---|---|---|---|
| 008 | 170922b xxu||||| |||| 00| 0 eng d | ||
| 020 | _a9780763711740 | ||
| 041 | _aeng | ||
| 080 | _a37 | ||
| 100 | _a46 | ||
| 101 | _aEDU | ||
| 245 |
_aSYSTEMATICS ASSESSMENT OF LEARNING OUTCOMES: DEVELOPING MULTIPLE- CHOICE EXAMS _cDONALD,M,E |
||
| 942 |
_2udc _cBK |
||
| 999 |
_c29184 _d29184 |
||